| 000 | 00524nam a2200169Ia 4500 | ||
|---|---|---|---|
| 008 | 180921t2015 xxu||||| |||| 00| 0 sin d | ||
| 041 | _asin | ||
| 080 |
_a82-2 _bDES |
||
| 100 | _aDe Silva, Sugathapala | ||
| 245 | _aසොඳුරු ආඥාදායකයා හෙවත් නාට්ය නිෂ්පාදක | ||
| 246 | _aSonduru Agnadayakaya Hewath Natya Nishpadaka | ||
| 260 |
_bGodage _aColombo _c2015 |
||
| 300 | _b176p, 22cm | ||
| 942 | _cBK | ||
| 999 |
_c1299 _d1299 |
||
| 003 | LK-CoDNM | ||
| 040 |
_aLK-CoDNM _dLK-CoDNM _eLK-CoDNM |
||